| 000 | 00000nas##2200000za#4500 |
| 001 | 9.512892 |
| 003 | CaOODSP |
| 005 | 20250403104751 |
| 007 | ta |
| 008 | 150406c1997||||xxc|| m #||||f| |0fre|d |
| 040 | |aCaOODSP|bfre |
| 043 | |an-cn--- |
| 086 | 1 |aCS96-321F |
| 245 | 00|aSérie des monographies du recensement / |cPublié en collaboration avec ITP Nelson. |
| 260 | |bStatistique Canada |
| 500 | |aDonnées de catalogage avant publication (Canada) imprimées dans ces publications. |
| 563 | |aCouverture souple |
| 710 | 2 |aStatistique Canada. |
| 775 | 08|t1991 Census monograph series / |w(CaOODSP)9.514479 |
| 776 | 0#|tSérie des monographies du recensement / |w(CaOODSP)9.503775 |